000 00467nam a2200193Ia 4500
005 20250603144430.0
008 250603s9999 xx 000 0 und d
020 _a9780123749802
050 _aRA 1211 .E76/
100 _aEdited by Ernest, Hodgson.
245 2 _aA textbook of modern toxicology
250 _a3rd ed.
260 _aNew Jersey
260 _bJohn Wiley & Sons Inc.
260 _c2004
300 _a557 p
650 _aNew Jersey
942 _cBK
999 _c38902
_d38902